| 000 | 01770nam a2200241Ia 4500 | ||
|---|---|---|---|
| 008 | 260220t9999||||xx |||||||||||||| ||spa|| | ||
| 040 |
_aPY-SlUNAC _bspa _erda |
||
| 041 | _aspa | ||
| 082 |
_a809 _bAn634a |
||
| 245 | 0 | _aAntología literaria | |
| 264 |
_aMadrid : _bBibliografia Española, _c[Fecha de publicación no identificada]. |
||
| 300 | _a1 volumen | ||
| 490 |
_a _vvolumen 1 |
||
| 520 | _aLa "Antología literaria" de Madrid, publicada por Bibliografía Española, es una recopilación que reúne obras representativas de la literatura española, abarcando diversas épocas y estilos. Este compendio busca ofrecer una visión panorámica de la evolución literaria del país, desde los clásicos hasta autores contemporáneos, permitiendo al lector apreciar la riqueza y diversidad del idioma español. Cada texto seleccionado no solo destaca por su calidad literaria, sino también por su relevancia cultural e histórica, contribuyendo a la formación de una identidad literaria nacional. La antología incluye poemas, cuentos, ensayos y fragmentos de novelas, lo que la convierte en una herramienta valiosa tanto para estudiantes como para amantes de la literatura. A través de esta obra, se enfatiza la importancia de la literatura como vehículo de expresión y reflexión sobre la realidad social y política de España, así como su papel en la configuración de la conciencia colectiva a lo largo del tiempo. En conjunto, es una celebración de la literatura española en su máxima expresión. | ||
| 653 | _aAntologías | ||
| 653 | _aBibliografía | ||
| 653 | _aLiteratura | ||
| 942 |
_b2026/02/17 _cBK |
||
| 999 |
_c8937 _d8937 |
||